Ész és végtelen – a gondolkodás határtapasztalata Descartes-nál
Elmentve itt :
| Szerző: | |
|---|---|
| Testületi szerző: | |
| Dokumentumtípus: | Könyv része |
| Megjelent: |
2012
|
| Sorozat: | Lábjegyzetek Platónhoz
10 Az ész 10 |
| Kulcsszavak: | René Descartes, Filozófia - francia - 17. sz., Értelem, Ész, Gondolkodás |
| Tárgyszavak: | |
| Online Access: | http://acta.bibl.u-szeged.hu/49227 |
| LEADER | 00914naa a2200241 i 4500 | ||
|---|---|---|---|
| 001 | acta49227 | ||
| 005 | 20220107121843.0 | ||
| 008 | 170731s2012 hu o 0|| hun d | ||
| 020 | |a 978 963 88812 4 3 | ||
| 022 | |a 1785 7082 | ||
| 040 | |a SZTE Egyetemi Kiadványok Repozitórium |b hun | ||
| 041 | |a hun | ||
| 100 | 1 | |a Pavlovits Tamás | |
| 245 | 1 | 0 | |a Ész és végtelen – a gondolkodás határtapasztalata Descartes-nál |h [elektronikus dokumentum] / |c Pavlovits Tamás |
| 260 | |c 2012 | ||
| 300 | |a 44-55 | ||
| 490 | 0 | |a Lábjegyzetek Platónhoz |v 10 | |
| 490 | 0 | |a Az ész |v 10 | |
| 650 | 4 | |a Bölcsészettudományok | |
| 650 | 4 | |a Filozófia, etika és vallástudományok | |
| 695 | |a René Descartes, Filozófia - francia - 17. sz., Értelem, Ész, Gondolkodás | ||
| 710 | |a Lábjegyzetek Platónhoz: Az ész (2011) (Szeged) | ||
| 856 | 4 | 0 | |u http://acta.bibl.u-szeged.hu/49227/1/platonhoz_010_044-055.pdf |z Dokumentum-elérés |